LEADER 00521naa a2200145 i 4500 001 000000323533 003 CaOOAMICUS 005 20180831173426.0 008 180831n it u000 u ita u 013 $a33884 040 $aSeMil$bita 245 10$aManzoni e l'arte della storia. 600 14$aManzoni, Alessandro <1785-1873>.$0(OLS)http://semarc/subject/1531 773 0 $tAlessandro Manzoni.$d[Milano] : Leonardo Arte, 2000.$z88-8310-126-X$gp.43-76$w()234509 996 $6245$aManzoni e l'arte della storia$9(OLS)http://semarc/title/396923 LEADER 00850nam a2200217 i 4500 001 000000117271 003 CaOOAMICUS 005 20030730000000.0 008 030730s1978 it u000 u ita u 013 $a89960 040 $aSeMil$bita 100 1 $aBernard, Charles-André,$c.$0(OLS)http://semarc/name/774 245 12$aL'aiuto spirituale personale /$cCharles-André Bernard S. J. 260 $aRoma :$bRogate,$cstampa 1978. 300 $a145 p. ;$c21 cm. 650 4$aDirezione spirituale.$0(OLS)http://semarc/subject/2829 850 $aSeMil 852 $aSeMil$W1$xVenegono$y1$m292 5 6 **$j72664$B72664$CSeMilBibl$Z2$F76118 $81 961 $aRecupero: Biblioteca Seminario Liceale 996 $6245$aL'aiuto spirituale personale$9(OLS)http://semarc/title/172149 996 $6260$aRoma :$bRogate$9(OLS)http://semarc/publisher/31830